000 01973nam a2200541 i 4500
001 51774
003 KOSZ 005
005 20221014093108.0
008 040705s2004 pl a f |000 0 pol
015 _aPB 2004/15214
020 _a8373352465
035 _a991024165859705066
035 _a(PL-WaBN)b16594484-48omnis_nlop
035 _ab16594484
035 _a(OCoLC)749497178
035 _a(PL)b0000001659448
035 _a(EXLNZ-48OMNIS_NETWORK)9910521269405606
040 _aWA N
_cWA N
_dKOSZ 005
041 0 _apol
046 _k2004
080 _a621.313
080 _a:621.318
080 _a(075.8+076)
100 1 _aGlinka, Tadeusz
_d(1938- )
_eAutor
245 1 0 _aLaboratorium elektromechanicznych elementów wykonawczych :
_binstrukcje do ćwiczeń laboratoryjnych /
_cTadeusz Glinka, Barbara Kulesz.
260 _aGliwice :
_bWydaw. Politechniki Śląskiej,
_c2004.
300 _a101, [3] s. :
_brys. (w tym kolor.), tab., wykr. ;
_c24 cm.
336 _2rdacontent
_aTwkst
_btxt
337 _2rdamedia
_aBez urządzenia pośredniczącego
_bn
338 _2rdacarrier
_aWolumin
_bnc
380 _aKsiążki
380 _aPublikacje dydaktyczne
385 _mPoziom nauczania
_aSzkoły wyższe
388 _a2001-
500 _aKsiążka z serii Skrypty Uczelniane / Politechnika Śląska, ISSN 0434-0825 ; 2349.
504 _aBibliogr. s. [103] i przy rozdz.
658 _aInżynieria i technika
655 7 _aPodręczniki akademickie
_2DBN
650 7 _aMaszyny elektryczne
_2DBN
655 7 _aĆwiczenia laboratoryjne
650 7 _aMagnes
_2DBN
700 1 _aKulesz, Barbara
_eAutor
710 2 _aWydawnictwo Politechniki Śląskiej
_4pbl
830 0 _aSkrypty Uczelniane - Politechnika Śląska ;
_vnr 2349
856 _uhttp://koha.tu.koszalin.pl/cgi-bin/koha/opac-detail.pl?biblionumber=51774
_zKatalog online BPK
942 _2UKD
_cKS
999 _c51774
_d51774